01261nam a2200277 a 450000100060000000300080000600500170001400800410003102000410007202000410011303500200015404000320017404100080020608200240021424501810023826000640041930000350048350001640051850400510068265000650073365000700079870000210086870000220088970000220091173000500093337627BD-RjUL20211209052629.0150204s2005 nyua b 001 0 eng  a0789027291 (hard cover : alk. paper) a0789027305 (soft cover : alk. paper) a(BD-RjUL) 37731 aDLCcDLCdDLCdBD-RjULbeng aeng00a174.2222bETH 200500aEthical and legal issues for mental health professionals :ba comprehensive handbook of principles and standards /cSteven F. Bucky, Joanne E. Callan, George Stricker, editors. aBinghamton, NY :bHaworth Maltreatment&Trauma Press,c2005. axxiv, 433 p. :bill. ;c22 cm. a"Handbook of Principles and Standards has been co-published simultaneously as Journal of Aggression, Maltreatment & Trauma, Volume 11, Numbers 1/2 and 3 2005." aIncludes bibliographical references and index. 0aMental health personnelxProfessional ethicszUnited States. 0aMental health personnelxLegal status, laws, etc.zUnited States.1 aBucky, Steven F.1 aCallan, Joanne E.1 aStricker, George.0 aJournal of aggression, maltreatment & trauma.